| 000 | 00692nam a2200181 a 4500 | ||
|---|---|---|---|
| 001 | 000039215 | ||
| 005 | 20201002031540.0 | ||
| 008 | 130611s1985 sp 000 0 spa d | ||
| 020 | _a8400043340 | ||
| 040 |
_aDO-SdBNP _bspa _cBNPHU |
||
| 100 | 1 |
_aBusto Saiz, José Ramón _965411 |
|
| 245 | 1 | 3 |
_aLa traducción de Simaco en el libro de los salmos / _cJosé Ramón Busto Saiz ; prólogo N. Fernández Marcos. |
| 260 |
_aMadrid : _bConsejo Superior de Investigaciones Cientificas, _c1985. |
||
| 300 |
_a756 p. ; _c26 cm. |
||
| 490 | 1 |
_aTextos y Estudios "Cardenal Cisnero" _vno. 22 |
|
| 700 | 1 |
_aFernández Marcos, N., _epról. _965412 |
|
| 830 | 0 |
_aTextos y Estudios "Cardenal Cisnero" _n22 _965413 |
|
| 999 |
_c38705 _d38705 |
||